Länder med gräns mot Ungern - Statistics

General Stats
  • This quiz has been taken 41 times
  • The average score is 6 of 7
Answer Stats
Land % Correct
Slovakien
100%
Serbien
94%
Österrike
91%
Rumänien
89%
Slovenien
89%
Kroatien
69%
Ukraina
69%
No matching quizzes found
Score Distribution
Percent of People with Each Score
Percentile by Number Answered
Your Score History
You have not taken this quiz